000 00877nam a22002417a 4500
003 DO-SdBNP
005 20240130123027.0
008 171124b1980 xx 00| 0 spa d
020 _a0517035839
040 _aBPMSU
_bspa
_cBPMSU
041 1 7 _aeng
082 _a823.5
_bC555f 1980
_222
100 1 _aChristie, Agatha
_d1891-1976
245 1 0 _aFive complete Hercule Poirot novels :
_bThirteen at dinner, Murder on the Orient express, The ABC murders, Cards on the table, Death on the Nile/.
_cAgatha Christie
300 _a663 p. ;
_c28 cm
505 0 _aMurder on the Orient express. -- Thirteen at dinner.-- The ABC murders -- Cards on the table -- Death on the Nile
590 _aInventariado, BPMSU /VM
650 4 _aNovela inglesa
_2
650 4 _aNovela policĂ­aca inglesa
650 4 _aAsesinato
_vNovela
910 _aVMateo V. Control de calidad. BPMS
942 _2ddc
_cBK
999 _c13078
_d13078